|
|
|
|
| LEADER |
01203nam a2200277 a 4500 |
| 001 |
1634673 |
| 008 |
090615s1997 ilua b 001 0 eng d |
| 010 |
|
|
|a 96021384
|
| 020 |
|
|
|a 0256169179 (student ed.)
|
| 020 |
|
|
|a 0256169292 (P.L.U.S. ed.)
|
| 040 |
|
|
|a DLC
|c DLC
|d DLC
|
| 082 |
0 |
0 |
|a 658.15/11
|2 20
|
| 100 |
1 |
|
|a Garrison, Ray H.
|
| 245 |
1 |
0 |
|a Managerial accounting /
|c Ray H. Garrison, Eric W. Noreen.
|
| 250 |
|
|
|a 8th ed.
|
| 260 |
|
|
|a Chicago :
|b Irwin,
|c c1997.
|
| 300 |
|
|
|a xxxii, 859 p. :
|b col. ill. ;
|c 29 cm.
|
| 490 |
1 |
|
|a The Irwin series in undergraduate accounting
|
| 504 |
|
|
|a Includes bibliographical references and indexes.
|
| 541 |
1 |
|
|e 00007912
|
| 650 |
|
0 |
|a Managerial accounting.
|
| 700 |
1 |
|
|a Noreen, Eric W.
|
| 852 |
4 |
|
|a Ayesha Abed Library
|j General Shelf.
|
| 999 |
|
|
|c 1610
|d 1610
|
| 952 |
|
|
|0 0
|1 0
|2 ddc
|4 0
|6 658_151100000000000_GAR_1997
|7 0
|9 1479
|a BRACUL
|b BRACUL
|c GEN
|d 2009-06-28
|g 0.00
|l 15
|m 126
|o 658.1511 GAR
|p 3010007912
|r 2025-09-18
|s 2025-09-01
|t 1
|w 2009-06-28
|y BK
|x No price found in the accession register.
|
| 952 |
|
|
|0 0
|1 0
|2 ddc
|4 0
|6 658_151100000000000_GAR_1997
|7 0
|9 8638
|a BRACUL
|b BRACUL
|c GEN
|d 2010-03-18
|l 9
|m 71
|o 658.1511 GAR
|p 3010011562
|r 2023-06-22
|s 2023-06-08
|t 2
|w 2010-03-18
|y BK
|